Efektívnosť investičnej pomoci optikou tvorby nových pracovných miest
Vplyv poskytnutej investičnej pomoci na vybrané ukazovatele trhu práce z pohľadu vytvárania nových pracovných miest. Investičná pomoc prispieva k rastu miezd na regionálnej úrovni, ale podmienkou vzniku nových pracovných miest nemôže byť investičná pomoc z hľadiska miezd a nákladov štátu.
Gespeichert in:
| 1. Verfasser: | |
|---|---|
| Weitere Verfasser: | , |
| Format: | Buchkapitel |
| Sprache: | Slowakisch |
| Tags: |
Keine Tags, Fügen Sie das erste Tag hinzu!
|
MARC
| LEADER | 00000naa a2200000 4500 | ||
|---|---|---|---|
| 001 | 0281007 | ||
| 005 | 20240502074350.6 | ||
| 041 | 0 | |a slo | |
| 044 | |a SK | ||
| 245 | 1 | 0 | |a Efektívnosť investičnej pomoci optikou tvorby nových pracovných miest |c Aneta Bobenič Hintošová, Michaela Bruothová, Terézia Barlašová |
| 520 | |a Vplyv poskytnutej investičnej pomoci na vybrané ukazovatele trhu práce z pohľadu vytvárania nových pracovných miest. Investičná pomoc prispieva k rastu miezd na regionálnej úrovni, ale podmienkou vzniku nových pracovných miest nemôže byť investičná pomoc z hľadiska miezd a nákladov štátu. | ||
| 100 | 1 | |a Bobenič Hintošová, Aneta, 1979- | |
| 700 | 1 | |a Bruothová, Michaela, 1979- | |
| 700 | 1 | |a Barlašová, Terézia | |